Quiz sur les Premiers ministres français - Statistiques

Statistiques générales
  • Ce quiz a été pris 247 fois
  • Le résultat moyen est 12 sur 15
Statistiques - réponses
Question Réponse % Correct
Qui a été la seule femme 1ere ministre ? Edith Cresson (1991-1992)
95%
Quel 1er ministre a été en cohabitation avec le président Jacques Chirac ? Lionel Jospin (1997-2002)
92%
Quel est le seul 1er ministre à être resté en fonction pendant tout un mandat présidentiel ? François Fillon (Seul 1er ministre de Nicolas Sarkozy de 2007 à 2012)
89%
Quel est le seul 1er ministre à avoir été deux fois en poste ? Jacques Chirac (1974-1976 et 1986-1988)
89%
Quel ancien 1er ministre se suicide en mai 1993,un mois après la fin de sa fonction ? Pierre Bérégovoy (1er ministre de 1992 à 1993)
87%
Qui est le premier 1er ministre de la Ve République ? Michel Debré (1959-1962)
84%
Quel futur 1er ministre français prononce en 2003 un discours remarqué à l'ONU contre l'intervention américaine en Irak ? Dominique de Villepin (1er ministre de 2005 à 2007)
81%
Quel 1er ministre a été en cohabitation avec le président François Mitterrand ? (hormis Jacques Chirac) Edouard Balladur (1993-1995)
79%
Quel 1er ministre est resté le plus longtemps en fonction ? Georges Pompidou (6 ans de 1962 à 1968)
79%
Qui a été le plus jeune 1er ministre ? Laurent Fabius (37 ans en 1984)
75%
Qui a été le premier 1er ministre socialiste de la Veme République ? Pierre Mauroy (1981-1984)
75%
Quel économiste est nommé 1er ministre par le président Valéry Giscard d'Estaing ? Raymond Barre (1976-1981)
71%
Quel est le seul 1er ministre français à être né avec une nationalité étrangère avant d'être naturalisé français à 20 ans ? Manuel Valls (né espagnol,1er ministre de 2014 à 2016)
68%
Quel 1er ministre est resté le moins longtemps en fonction ? Bernard Cazeneuve (5 mois de 2016 à 2017)
67%
Quels sont les deux 1ers ministre qui ont aussi été maires de Bordeaux ? Jacques Chaban-Delmas (1969-1972) et Alain Juppé (1995-1997)
64%
Aucun quiz correspondant
Distribution des résultats
% des personnes avec chaque résultat
Percentile par nombre de réponses
Votre historique - résultats
Vous n’avez pas pris ce quiz